Learning and teaching writing online: strategies for success
Uloženo v:
| Hlavní autoři: | , |
|---|---|
| Médium: | Kniha |
| Jazyk: | angličtina |
| Vydáno: |
Leiden
Brill
2015
|
| Vydání: | 1a. ed |
| Edice: | Studies in Writing, 29
|
| Témata: | |
| Tagy: |
Přidat tag
Žádné tagy, Buďte první, kdo vytvoří štítek k tomuto záznamu!
|
MARC
| LEADER | 00000cam a2200000 a 4500 | ||
|---|---|---|---|
| 001 | UCC0347 | ||
| 003 | CL-VaPUC | ||
| 008 | 170804e20150000ne |||||||||||||||||eng|d | ||
| 020 | |a 9789004290358 | ||
| 082 | 0 | 4 | |a 808.02 |b DEA |2 21 |
| 100 | 0 | |a Deane, Mary |e author |9 594270 | |
| 700 | 0 | |a Guasch, Teresa |e author |9 594271 | |
| 245 | 1 | 0 | |a Learning and teaching writing online: strategies for success |
| 250 | |a 1a. ed | ||
| 300 | |a 199 p | ||
| 942 | |c BK | ||
| 945 | |d 20170804 10:39:00 |a arojas | ||
| 260 | |a Leiden |b Brill |c 2015 | ||
| 650 | 0 | |a Enseñanza y aprendizaje |9 392086 | |
| 650 | 0 | |a Expresión escrita |9 334816 | |
| 650 | 0 | |a Retórica |9 266620 | |
| 650 | 7 | |a TUTORIAS |2 CL-VaPUC |9 335013 | |
| 583 | |a last modification |c 20170804 10:39:00 |k Rodrigo Vera | ||
| 490 | 0 | |a Studies in Writing, 29 | |
| 999 | |c 369203 |d 369201 | ||
| 952 | |0 0 |1 0 |3 erd |4 0 |6 808_020000000000000_DEA_2015 |7 0 |8 A |9 484798 |a FDOPOS |b BIBEDU |i 5412935 |l 1 |o 808.02 DEA 2015 |p 5412935 |r 2025-01-22 |s 2024-03-06 |w 2019-11-24 |y BK |z Catalogado en:20170804 |k DLA | ||